Statistics for MR Bean Quiz

Click here to take the quiz!

General Stats

  • This quiz has been taken 383 times
  • The average score is 3 of 11

Answer Stats

HintAnswer% Correct
Which actor plays Mr BeanRowan Atkinson
97%
What year was the last episode made1995
45%
Where does he try to go on HolidayCannes
40%
Which TV Channel was it broadcasted onITV
35%
What was the winning ticket number in "Mr Bean's Holiday"919
22%
Who is Mr Bean's GirlfriendIrma Gobb
15%
What is Mr Bean's most hated carReliant Robin
15%
Where did he get sent to when he wrapped himself in a parcel bagMoscow
13%
What did he dream of in the Olympic opening ceremonyChariots of fire
9%
Who is the manufacturer of his MiniBritish Leyland
5%
What did he use to clean his teeth when on the way to the dentistWindscreen washer
4%

Score Distribution

Percentile by Number Answered

Percent of People with Each Score

Your Score History

You have not taken this quiz